[Event "414 Stay Safe Play From Home series"]
[Site "Emanuel Lasker Arena"]
[Date "2020.08.27"]
[Round "6"]
[White "Nguyen Hong Anh"]
[Black "IceQueen"]
[Result "1-0"]
[WhiteElo "2295"]
[BlackElo "2305"]
[PlyCount "79"]
[EventDate "2020.08.27"]
[EventType "swiss (blitz)"]

1. d4 {[%emt 0:00:01]} d6 {[%emt 0:00:00]} 2. c4 {[%emt 0:00:01]} Nf6 {[%emt 0:00:00]} 3. Nf3 {[%emt 0:00:00]} g6 {[%emt 0:00:00]} 4. g3 {[%emt 0:00:00]} Bg7 {[%emt 0:00:00]} 5. Bg2 {[%emt 0:00:00]} O-O {[%emt 0:00:00]} 6. O-O {[%emt 0:00:00]} Nbd7 {[%emt 0:00:00]} 7. Nc3 {[%emt 0:00:01]} e5 {[%emt 0:00:00]} 8. e4 {[%emt 0:00:00]} exd4 {[%emt 0:00:00]} 9. Nxd4 {[%emt 0:00:00]} Re8 {[%emt 0:00:00]} 10. h3 {[%emt 0:00:01]} Nc5 {[%emt 0:00:00]} 11. Re1 {[%emt 0:00:01]} a5 {[%emt 0:00:00]} 12. Be3 {[%emt 0:00:00]} Ncxe4 {[%emt 0:00:01]} 13. Nxe4 {[%emt 0:00:02]} Nxe4 {[%emt 0:00:00]} 14. Qc2 {[%emt 0:00:00]} Nc5 {[%emt 0:00:01]} 15. Rad1 {[%emt 0:00:00]} Bd7 {[%emt 0:00:00]} 16. b3 {[%emt 0:00:01]} Qc8 {[%emt 0:00:01]} 17. a3 {[%emt 0:00:01]} Bxh3 {[%emt 0:00:02]} 18. b4 {[%emt 0:00:00]} axb4 {[%emt 0:00:02]} 19. axb4 {[%emt 0:00:00]} Bxg2 {[%emt 0:00:02]} 20. Kxg2 {[%emt 0:00:00]} Ne4 {[%emt 0:00:00]} 21. Nf3 {[%emt 0:00:01]} Nc3 {[%emt 0:00:01]} 22. Rd3 {[%emt 0:00:01]} Ne4 {[%emt 0:00:02]} 23. Bd4 {[%emt 0:00:01]} Nf6 {[%emt 0:00:02]} 24. Rde3 {[%emt 0:00:02]} Rxe3 {[%emt 0:00:01]} 25. Rxe3 {[%emt 0:00:00]} Qd7 {[%emt 0:00:01]} 26. c5 {[%emt 0:00:01]} d5 {[%emt 0:00:01]} 27. Ne5 {[%emt 0:00:01]} Qb5 {[%emt 0:00:03]} 28. Nd3 {[%emt 0:00:01]} Ne4 {[%emt 0:00:01]} 29. Bxg7 {[%emt 0:00:01]} Kxg7 {[%emt 0:00:00]} 30. Nf4 {[%emt 0:00:01]} c6 {[%emt 0:00:02]} 31. Qb2+ {[%emt 0:00:01]} f6 {[%emt 0:00:00]} 32. Ne6+ {[%emt 0:00:01]} Kf7 {[%emt 0:00:01]} 33. Nc7 {[%emt 0:00:00]} Qa4 {[%emt 0:00:03]} 34. Nxa8 {[%emt 0:00:01]} Qxa8 {[%emt 0:00:00]} 35. Qb3 {[%emt 0:00:01]} Qa1 {[%emt 0:00:02]} 36. Rxe4 {[%emt 0:00:01]} Qc1 {[%emt 0:00:02]} 37. Rf4 {[%emt 0:00:01]} g5 {[%emt 0:00:02]} 38. Rf3 {[%emt 0:00:02]} Qe1 {[%emt 0:00:01]} 39. Qc3 {[%emt 0:00:01]} Qe4 {[%emt 0:00:02]} 40. Qxf6+ {[%emt 0:00:01] IceQueen resigns IceQueen resigns IceQueen resigns (Lag: Av=1.04s, max=1.8s) (Lag: Av=1.04s, max=1.8s) (Lag: Av=1.04s, max=1.8s)} 1-0

[Event "414 Stay Safe Play From Home series"]
[Site "Emanuel Lasker Arena"]
[Date "2020.08.27"]
[Round "6"]
[White "Stefanone"]
[Black "KING o KONG"]
[Result "1-0"]
[WhiteElo "2082"]
[BlackElo "957"]
[PlyCount "53"]
[EventDate "2020.08.27"]
[EventType "swiss (blitz)"]

1. d4 {[%emt 0:00:01]} d6 {[%emt 0:00:02]} 2. e3 {[%emt 0:00:00]} e6 {[%emt 0:00:01]} 3. f4 {[%emt 0:00:00]} d5 {[%emt 0:00:01]} 4. Nf3 {[%emt 0:00:00]} b6 {[%emt 0:00:02]} 5. Bd3 {[%emt 0:00:00]} Bb7 {[%emt 0:00:01]} 6. c3 {[%emt 0:00:00]} f6 {[%emt 0:00:02]} 7. Qe2 {[%emt 0:00:00]} Be7 {[%emt 0:00:02]} 8. Nbd2 {[%emt 0:00:00]} Nh6 {[%emt 0:00:02]} 9. e4 {[%emt 0:00:00]} Ng4 {[%emt 0:00:02]} 10. O-O {[%emt 0:00:01]} Qd7 {[%emt 0:00:04]} 11. h3 {[%emt 0:00:00]} Nh6 {[%emt 0:00:06]} 12. f5 {[%emt 0:00:01]} exf5 {[%emt 0:00:04]} 13. exf5 {[%emt 0:00:01]} Nc6 {[%emt 0:00:01]} 14. Nb3 {[%emt 0:00:01]} O-O-O {[%emt 0:00:01]} 15. Bxh6 {[%emt 0:00:01]} gxh6 {[%emt 0:00:02]} 16. Rae1 {[%emt 0:00:01]} Rhg8 {[%emt 0:00:01]} 17. Qf2 {[%emt 0:00:01]} Bd6 {[%emt 0:00:05]} 18. g4 {[%emt 0:00:01]} Bf4 {[%emt 0:00:03]} 19. Re2 {[%emt 0:00:01]} Rde8 {[%emt 0:00:03]} 20. Rfe1 {[%emt 0:00:01]} Rxe2 {[%emt 0:00:02]} 21. Rxe2 {[%emt 0:00:00]} Qd6 {[%emt 0:00:04]} 22. Kg2 {[%emt 0:00:01]} Bg3 {[%emt 0:00:01]} 23. Qxg3 {[%emt 0:00:01]} Qxg3+ {[%emt 0:00:02]} 24. Kxg3 {[%emt 0:00:00]} Kd7 {[%emt 0:00:03]} 25. Re6 {[%emt 0:00:01]} Re8 {[%emt 0:00:01]} 26. Rxf6 {[%emt 0:00:01]} Re3 {[%emt 0:00:03]} 27. Bc2 {[%emt 0:00:03] TimeB TimeB TimeB} 1-0

[Event "414 Stay Safe Play From Home series"]
[Site "Emanuel Lasker Arena"]
[Date "2020.08.27"]
[Round "6"]
[White "TheCHESSHOUSE"]
[Black "Lazieri3"]
[Result "0-1"]
[WhiteElo "2056"]
[BlackElo "2059"]
[PlyCount "96"]
[EventDate "2020.08.27"]
[EventType "swiss (blitz)"]

1. d4 {[%emt 0:00:01]} c6 {[%emt 0:00:00]} 2. c4 {[%emt 0:00:01]} d5 {[%emt 0:00:00]} 3. cxd5 {[%emt 0:00:00]} cxd5 {[%emt 0:00:00]} 4. Nc3 {[%emt 0:00:00]} Nc6 {[%emt 0:00:00]} 5. Bf4 {[%emt 0:00:01]} Nf6 {[%emt 0:00:00]} 6. Rc1 {[%emt 0:00:00]} Bf5 {[%emt 0:00:01]} 7. Nf3 {[%emt 0:00:00]} e6 {[%emt 0:00:00]} 8. e3 {[%emt 0:00:00]} Bd6 {[%emt 0:00:02]} 9. Bxd6 {[%emt 0:00:00]} Qxd6 {[%emt 0:00:00]} 10. Be2 {[%emt 0:00:00]} O-O {[%emt 0:00:01]} 11. O-O {[%emt 0:00:00]} Ne4 {[%emt 0:00:00]} 12. h3 {[%emt 0:00:02]} Nxc3 {[%emt 0:00:01]} 13. bxc3 {[%emt 0:00:00]} a6 {[%emt 0:00:03]} 14. c4 {[%emt 0:00:01]} dxc4 {[%emt 0:00:01]} 15. Bxc4 {[%emt 0:00:04]} b5 {[%emt 0:00:01]} 16. Bb3 {[%emt 0:00:01]} Na5 {[%emt 0:00:01]} 17. Qe2 {[%emt 0:00:01]} Nxb3 {[%emt 0:00:01]} 18. axb3 {[%emt 0:00:00]} Be4 {[%emt 0:00:01]} 19. Nd2 {[%emt 0:00:01]} Bd5 {[%emt 0:00:01]} 20. e4 {[%emt 0:00:01]} Bb7 {[%emt 0:00:01]} 21. Qe3 {[%emt 0:00:01]} Rfd8 {[%emt 0:00:02]} 22. Nf3 {[%emt 0:00:02]} Rac8 {[%emt 0:00:04]} 23. Rcd1 {[%emt 0:00:01]} h6 {[%emt 0:00:03]} 24. Rd2 {[%emt 0:00:05]} b4 {[%emt 0:00:02]} 25. Rfd1 {[%emt 0:00:01]} Rc3 {[%emt 0:00:01]} 26. Rd3 {[%emt 0:00:00]} Rdc8 {[%emt 0:00:01]} 27. Ne5 {[%emt 0:00:02]} a5 {[%emt 0:00:04]} 28. Nc4 {[%emt 0:00:01]} Rxd3 {[%emt 0:00:02]} 29. Rxd3 {[%emt 0:00:02]} Qc7 {[%emt 0:00:02]} 30. e5 {[%emt 0:00:02]} Ba6 {[%emt 0:00:01]} 31. Nd6 {[%emt 0:00:06]} Bxd3 {[%emt 0:00:02]} 32. Nxc8 {[%emt 0:00:01]} Qxc8 {[%emt 0:00:03]} 33. Qxd3 {[%emt 0:00:01]} Qc3 {[%emt 0:00:02]} 34. Qd1 {[%emt 0:00:01]} a4 {[%emt 0:00:03]} 35. bxa4 {[%emt 0:00:00]} b3 {[%emt 0:00:01]} 36. a5 {[%emt 0:00:02]} b2 {[%emt 0:00:01]} 37. a6 {[%emt 0:00:02]} Qc1 {[%emt 0:00:01]} 38. Qxc1 {[%emt 0:00:06]} bxc1=Q+ {[%emt 0:00:00]} 39. Kh2 {[%emt 0:00:01]} Qc6 {[%emt 0:00:01]} 40. d5 {[%emt 0:00:00]} Qxd5 {[%emt 0:00:01]} 41. a7 {[%emt 0:00:01]} Qa8 {[%emt 0:00:00]} 42. f3 {[%emt 0:00:00]} Qxa7 {[%emt 0:00:00]} 43. Kg3 {[%emt 0:00:00]} Qd4 {[%emt 0:00:00]} 44. Kh2 {[%emt 0:00:00]} Qxe5+ {[%emt 0:00:01]} 45. g3 {[%emt 0:00:00]} Qe2+ {[%emt 0:00:00]} 46. Kg1 {[%emt 0:00:00]} e5 {[%emt 0:00:00]} 47. f4 {[%emt 0:00:01]} e4 {[%emt 0:00:00]} 48. f5 {[%emt 0:00:01]} e3 {[%emt 0:00:00] TheCHESSHOUSE resigns TheCHESSHOUSE resigns TheCHESSHOUSE resigns (Lag: Av=0.98s, max=1.7s) (Lag: Av=0.98s, max=1.7s) (Lag: Av=0.98s, max=1.7s)} 0-1

[Event "414 Stay Safe Play From Home series"]
[Site "Emanuel Lasker Arena"]
[Date "2020.08.27"]
[Round "6"]
[White "Klasman"]
[Black "GIULIO19031975"]
[Result "0-1"]
[WhiteElo "1344"]
[BlackElo "1807"]
[Annotator "NA"]
[PlyCount "52"]
[EventDate "2020.08.27"]
[EventType "swiss (blitz)"]

1. f4 {[%emt 0:00:05]} c5 {[%emt 0:00:01]} 2. e4 {[%emt 0:00:01]} d5 {[%emt 0:00:00]} 3. e5 {[%emt 0:00:01]} d4 {[%emt 0:00:00]} 4. d3 {[%emt 0:00:02]} Nc6 {[%emt 0:00:00]} 5. Nf3 {[%emt 0:00:01]} Bg4 {[%emt 0:00:01]} 6. c4 {[%emt 0:00:02]} Bxf3 {[%emt 0:00:00]} 7. Qxf3 {[%emt 0:00:02]} e6 {[%emt 0:00:00]} 8. Be2 {[%emt 0:00:02]} Nge7 {[%emt 0:00:00]} 9. Nd2 {[%emt 0:00:01]} Nf5 {[%emt 0:00:00]} 10. Nb3 {[%emt 0:00:03]} Qh4+ {[%emt 0:00:01]} 11. g3 {[%emt 0:00:02]} Qe7 {[%emt 0:00:01]} 12. Bd2 {[%emt 0:00:03]} h5 {[%emt 0:00:02]} 13. O-O-O {[%emt 0:00:04]} h4 {[%emt 0:00:00]} 14. g4 {[%emt 0:00:02]} Ne3 {[%emt 0:00:02]} 15. Bxe3 {[%emt 0:00:01]} dxe3 {[%emt 0:00:01]} 16. Qxe3 {[%emt 0:00:01]} Nb4 {[%emt 0:00:02]} 17. a3 {[%emt 0:00:03]} Nc6 {[%emt 0:00:02]} 18. d4 {[%emt 0:00:02]} cxd4 {[%emt 0:00:01]} 19. Nxd4 {[%emt 0:00:01]} Qc7 {[%emt 0:00:02]} 20. Nxc6 {[%emt 0:00:02]} bxc6 {[%emt 0:00:01]} 21. c5 {[%emt 0:00:04]} Be7 {[%emt 0:00:01]} 22. Rd6 {[%emt 0:00:03]} O-O {[%emt 0:00:01]} 23. Rhd1 {[%emt 0:00:02]} Rab8 {[%emt 0:00:01]} 24. Rd7 {[%emt 0:00:03]} Qa5 {[%emt 0:00:01]} 25. b4 {[%emt 0:00:03]} Qa4 {[%emt 0:00:02]} 26. Bd3 {[%emt 0:00:02]} Bxc5 {[%emt 0:00:02] Time Time Time (Lag: Av=0.60s, max=0.8s) (Lag: Av=0.60s, max=0.8s) (Lag: Av=0.60s, max=0.8s)} 0-1

[Event "414 Stay Safe Play From Home series"]
[Site "Emanuel Lasker Arena"]
[Date "2020.08.27"]
[Round "7"]
[White "NTBT_DHS"]
[Black "Nguyen Hong Anh"]
[Result "1-0"]
[WhiteElo "2532"]
[BlackElo "2312"]
[PlyCount "71"]
[EventDate "2020.08.27"]
[EventType "swiss (blitz)"]

1. d4 {[%emt 0:00:01]} Nf6 {[%emt 0:00:01]} 2. c4 {[%emt 0:00:00]} g6 {[%emt 0:00:00]} 3. Nc3 {[%emt 0:00:00]} d5 {[%emt 0:00:00]} 4. cxd5 {[%emt 0:00:00]} Nxd5 {[%emt 0:00:00]} 5. Bd2 {[%emt 0:00:00]} Nxc3 {[%emt 0:00:01]} 6. Bxc3 {[%emt 0:00:01]} Bg7 {[%emt 0:00:00]} 7. e4 {[%emt 0:00:00]} c5 {[%emt 0:00:01]} 8. d5 {[%emt 0:00:00]} Bxc3+ {[%emt 0:00:01]} 9. bxc3 {[%emt 0:00:00]} O-O {[%emt 0:00:00]} 10. Nf3 {[%emt 0:00:02]} Bg4 {[%emt 0:00:01]} 11. Be2 {[%emt 0:00:02]} e6 {[%emt 0:00:01]} 12. O-O {[%emt 0:00:03]} exd5 {[%emt 0:00:01]} 13. exd5 {[%emt 0:00:00]} Nd7 {[%emt 0:00:00]} 14. Re1 {[%emt 0:00:03]} Re8 {[%emt 0:00:01]} 15. Qd2 {[%emt 0:00:02]} Nf6 {[%emt 0:00:01]} 16. c4 {[%emt 0:00:02]} Ne4 {[%emt 0:00:01]} 17. Qf4 {[%emt 0:00:01]} Bf5 {[%emt 0:00:01]} 18. Bd3 {[%emt 0:00:01]} Qd6 {[%emt 0:00:02]} 19. Rxe4 {[%emt 0:00:05]} Qxf4 {[%emt 0:00:03]} 20. Rxf4 {[%emt 0:00:00]} Bxd3 {[%emt 0:00:01]} 21. Rd1 {[%emt 0:00:00]} Bc2 {[%emt 0:00:02]} 22. Rd2 {[%emt 0:00:02]} Be4 {[%emt 0:00:03]} 23. h4 {[%emt 0:00:03]} Rad8 {[%emt 0:00:02]} 24. Ng5 {[%emt 0:00:02]} Bf5 {[%emt 0:00:01]} 25. g4 {[%emt 0:00:00]} Bd7 {[%emt 0:00:06]} 26. Ne4 {[%emt 0:00:02]} Kg7 {[%emt 0:00:01]} 27. Nxc5 {[%emt 0:00:01]} Bc8 {[%emt 0:00:02]} 28. g5 {[%emt 0:00:02]} b6 {[%emt 0:00:01]} 29. Ne4 {[%emt 0:00:01]} Ba6 {[%emt 0:00:01]} 30. Nf6 {[%emt 0:00:02]} Re1+ {[%emt 0:00:01]} 31. Kh2 {[%emt 0:00:00]} Rc1 {[%emt 0:00:00]} 32. Rdd4 {[%emt 0:00:02]} Rc8 {[%emt 0:00:01]} 33. d6 {[%emt 0:00:01]} Rc2 {[%emt 0:00:01]} 34. d7 {[%emt 0:00:02]} Rd8 {[%emt 0:00:01]} 35. Rde4 {[%emt 0:00:00]} Rxa2 {[%emt 0:00:10]} 36. Re8 {[%emt 0:00:01] Nguyen Hong Anh resigns Nguyen Hong Anh resigns Nguyen Hong Anh resigns (Lag: Av=1.25s, max=2.1s) (Lag: Av=1.25s, max=2.1s) (Lag: Av=1.25s, max=2.1s)} 1-0

[Event "414 Stay Safe Play From Home series"]
[Site "Emanuel Lasker Arena"]
[Date "2020.08.27"]
[Round "7"]
[White "Eidgenosse"]
[Black "AChessPlayer"]
[Result "0-1"]
[WhiteElo "2509"]
[BlackElo "2305"]
[PlyCount "98"]
[EventDate "2020.08.27"]
[EventType "swiss (blitz)"]

1. Nf3 {[%emt 0:00:01]} Nf6 {[%emt 0:00:01]} 2. g3 {[%emt 0:00:00]} g6 {[%emt 0:00:00]} 3. Bg2 {[%emt 0:00:00]} Bg7 {[%emt 0:00:00]} 4. O-O {[%emt 0:00:00]} O-O {[%emt 0:00:00]} 5. d3 {[%emt 0:00:00]} d5 {[%emt 0:00:00]} 6. Nbd2 {[%emt 0:00:00]} c6 {[%emt 0:00:00]} 7. e4 {[%emt 0:00:00]} Nbd7 {[%emt 0:00:00]} 8. e5 {[%emt 0:00:01]} Ne8 {[%emt 0:00:00]} 9. d4 {[%emt 0:00:00]} e6 {[%emt 0:00:01]} 10. c3 {[%emt 0:00:01]} b6 {[%emt 0:00:00]} 11. Re1 {[%emt 0:00:01]} a5 {[%emt 0:00:01]} 12. h4 {[%emt 0:00:01]} c5 {[%emt 0:00:04]} 13. h5 {[%emt 0:00:01]} Nc7 {[%emt 0:00:01]} 14. Nf1 {[%emt 0:00:01]} Re8 {[%emt 0:00:01]} 15. N1h2 {[%emt 0:00:00]} Nb5 {[%emt 0:00:02]} 16. a4 {[%emt 0:00:01]} Na7 {[%emt 0:00:01]} 17. Bg5 {[%emt 0:00:01]} Qc7 {[%emt 0:00:00]} 18. Ng4 {[%emt 0:00:01]} Nc6 {[%emt 0:00:01]} 19. Bf4 {[%emt 0:00:03]} Qd8 {[%emt 0:00:03]} 20. Bg5 {[%emt 0:00:01]} Ne7 {[%emt 0:00:01]} 21. Nf6+ {[%emt 0:00:02]} Bxf6 {[%emt 0:00:01]} 22. exf6 {[%emt 0:00:01]} Nf5 {[%emt 0:00:01]} 23. g4 {[%emt 0:00:01]} Nd6 {[%emt 0:00:01]} 24. Ne5 {[%emt 0:00:02]} Nxe5 {[%emt 0:00:02]} 25. dxe5 {[%emt 0:00:00]} Ne4 {[%emt 0:00:01]} 26. Bxe4 {[%emt 0:00:01]} dxe4 {[%emt 0:00:00]} 27. Qe2 {[%emt 0:00:02]} Qd3 {[%emt 0:00:02]} 28. Rad1 {[%emt 0:00:02]} Qxe2 {[%emt 0:00:02]} 29. Rxe2 {[%emt 0:00:00]} Ba6 {[%emt 0:00:01]} 30. Red2 {[%emt 0:00:02]} Bd3 {[%emt 0:00:02]} 31. f3 {[%emt 0:00:01]} c4 {[%emt 0:00:02]} 32. hxg6 {[%emt 0:00:01]} fxg6 {[%emt 0:00:02]} 33. Kf2 {[%emt 0:00:02]} Kf7 {[%emt 0:00:03]} 34. Rh1 {[%emt 0:00:02]} h5 {[%emt 0:00:03]} 35. gxh5 {[%emt 0:00:01]} gxh5 {[%emt 0:00:00]} 36. Rxh5 {[%emt 0:00:01]} Kg6 {[%emt 0:00:01]} 37. Rh6+ {[%emt 0:00:11]} Kxg5 {[%emt 0:00:01]} 38. Rh7 {[%emt 0:00:00]} Kf5 {[%emt 0:00:04]} 39. Rh5+ {[%emt 0:00:05]} Kg6 {[%emt 0:00:01]} 40. Rh4 {[%emt 0:00:02]} Rh8 {[%emt 0:00:01]} 41. Rg4+ {[%emt 0:00:00]} Kf5 {[%emt 0:00:00]} 42. Ke3 {[%emt 0:00:01]} Rh3 {[%emt 0:00:02]} 43. Rf4+ {[%emt 0:00:01]} Kxe5 {[%emt 0:00:01]} 44. f7 {[%emt 0:00:00]} Rxf3+ {[%emt 0:00:01]} 45. Rxf3 {[%emt 0:00:00]} exf3 {[%emt 0:00:00]} 46. Kxf3 {[%emt 0:00:00]} Rf8 {[%emt 0:00:01]} 47. Ke3 {[%emt 0:00:00]} Rxf7 {[%emt 0:00:00]} 48. Rh2 {[%emt 0:00:00]} Rf5 {[%emt 0:00:01]} 49. Rh5 {[%emt 0:00:00]} Rxh5 {[%emt 0:00:01] Eidgenosse gibt auf Eidgenosse gibt auf Eidgenosse gibt auf (Lag: Av=0.63s, max=1.4s) (Lag: Av=0.63s, max=1.4s) (Lag: Av=0.63s, max=1.4s)} 0-1

[Event "414 Stay Safe Play From Home series"]
[Site "Emanuel Lasker Arena"]
[Date "2020.08.27"]
[Round "7"]
[White "Tran Minh Thang"]
[Black "Klasman"]
[Result "1-0"]
[WhiteElo "2456"]
[BlackElo "1342"]
[PlyCount "27"]
[EventDate "2020.08.27"]
[EventType "swiss (blitz)"]

1. b3 {[%emt 0:00:01]} d5 {[%emt 0:00:03]} 2. Bb2 {[%emt 0:00:00]} d4 {[%emt 0:00:01]} 3. Nf3 {[%emt 0:00:00]} Nc6 {[%emt 0:00:02]} 4. e3 {[%emt 0:00:00]} e5 {[%emt 0:00:01]} 5. exd4 {[%emt 0:00:01]} exd4 {[%emt 0:00:02]} 6. Bb5 {[%emt 0:00:00]} Bg4 {[%emt 0:00:05]} 7. O-O {[%emt 0:00:01]} Bc5 {[%emt 0:00:02]} 8. h3 {[%emt 0:00:01]} Bh5 {[%emt 0:00:01]} 9. Re1+ {[%emt 0:00:04]} Nge7 {[%emt 0:00:01]} 10. Re5 {[%emt 0:00:01]} Bxf3 {[%emt 0:00:04]} 11. Qxf3 {[%emt 0:00:00]} Bd6 {[%emt 0:00:05]} 12. Bxc6+ {[%emt 0:00:02]} bxc6 {[%emt 0:00:02]} 13. Qxc6+ {[%emt 0:00:01]} Qd7 {[%emt 0:00:03]} 14. Qxa8+ {[%emt 0:00:01] Klasman resigns Klasman resigns Klasman resigns (Lag: Av=0.64s, max=0.8s) (Lag: Av=0.64s, max=0.8s) (Lag: Av=0.64s, max=0.8s)} 1-0

[Event "414 Stay Safe Play From Home series"]
[Site "Emanuel Lasker Arena"]
[Date "2020.08.27"]
[Round "7"]
[White "IceQueen"]
[Black "KING o KONG"]
[Result "1-0"]
[WhiteElo "2288"]
[BlackElo "957"]
[PlyCount "49"]
[EventDate "2020.08.27"]
[EventType "swiss (blitz)"]

1. e4 {[%emt 0:00:01]} e6 {[%emt 0:00:02]} 2. Nc3 {[%emt 0:00:00]} d6 {[%emt 0:00:01]} 3. Nf3 {[%emt 0:00:00]} c6 {[%emt 0:00:01]} 4. d4 {[%emt 0:00:00]} Bd7 {[%emt 0:00:01]} 5. Bd3 {[%emt 0:00:00]} Be7 {[%emt 0:00:01]} 6. O-O {[%emt 0:00:00]} Nf6 {[%emt 0:00:03]} 7. Re1 {[%emt 0:00:00]} Ng4 {[%emt 0:00:01]} 8. e5 {[%emt 0:00:00]} Nxh2 {[%emt 0:00:03]} 9. Nxh2 {[%emt 0:00:01]} d5 {[%emt 0:00:01]} 10. f4 {[%emt 0:00:01]} Qc7 {[%emt 0:00:02]} 11. f5 {[%emt 0:00:01]} Na6 {[%emt 0:00:04]} 12. fxe6 {[%emt 0:00:03]} Bxe6 {[%emt 0:00:01]} 13. Qf3 {[%emt 0:00:01]} O-O-O {[%emt 0:00:01]} 14. Bf5 {[%emt 0:00:00]} g6 {[%emt 0:00:07]} 15. Bxe6+ {[%emt 0:00:01]} fxe6 {[%emt 0:00:01]} 16. Qh3 {[%emt 0:00:00]} h5 {[%emt 0:00:02]} 17. Qxe6+ {[%emt 0:00:02]} Kb8 {[%emt 0:00:06]} 18. a3 {[%emt 0:00:01]} Rhe8 {[%emt 0:00:01]} 19. Qh3 {[%emt 0:00:01]} Bf8 {[%emt 0:00:05]} 20. Nf3 {[%emt 0:00:00]} Re6 {[%emt 0:00:02]} 21. Qxe6 {[%emt 0:00:02]} Qc8 {[%emt 0:00:07]} 22. Ng5 {[%emt 0:00:01]} Qxe6 {[%emt 0:00:01]} 23. Nxe6 {[%emt 0:00:00]} Re8 {[%emt 0:00:03]} 24. Nxf8 {[%emt 0:00:00]} Rxf8 {[%emt 0:00:01]} 25. Bh6 {[%emt 0:00:00] TimeB TimeB TimeB} 1-0

[Event "414 Stay Safe Play From Home series"]
[Site "Emanuel Lasker Arena"]
[Date "2020.08.27"]
[Round "7"]
[White "GIULIO19031975"]
[Black "Stefanone"]
[Result "1-0"]
[WhiteElo "1810"]
[BlackElo "2083"]
[Annotator "NA"]
[PlyCount "55"]
[EventDate "2020.08.27"]
[EventType "swiss (blitz)"]

1. e4 {[%emt 0:00:02]} e6 {[%emt 0:00:01]} 2. Nf3 {[%emt 0:00:00]} d5 {[%emt 0:00:00]} 3. exd5 {[%emt 0:00:00]} exd5 {[%emt 0:00:00]} 4. d4 {[%emt 0:00:00]} c6 {[%emt 0:00:00]} 5. Be2 {[%emt 0:00:00]} f5 {[%emt 0:00:00]} 6. O-O {[%emt 0:00:00]} Nf6 {[%emt 0:00:00]} 7. Bg5 {[%emt 0:00:03]} Be7 {[%emt 0:00:01]} 8. Bxf6 {[%emt 0:00:01]} Bxf6 {[%emt 0:00:01]} 9. Ne5 {[%emt 0:00:00]} O-O {[%emt 0:00:00]} 10. c3 {[%emt 0:00:01]} Bxe5 {[%emt 0:00:00]} 11. dxe5 {[%emt 0:00:01]} Qe7 {[%emt 0:00:00]} 12. f4 {[%emt 0:00:00]} Be6 {[%emt 0:00:01]} 13. Nd2 {[%emt 0:00:01]} Nd7 {[%emt 0:00:00]} 14. Nf3 {[%emt 0:00:00]} Nc5 {[%emt 0:00:01]} 15. Nd4 {[%emt 0:00:01]} Ne4 {[%emt 0:00:01]} 16. Bf3 {[%emt 0:00:01]} c5 {[%emt 0:00:01]} 17. Bxe4 {[%emt 0:00:01]} Qd6 {[%emt 0:00:00]} 18. exd6 {[%emt 0:00:01]} dxe4 {[%emt 0:00:01]} 19. Nxe6 {[%emt 0:00:01]} Rfe8 {[%emt 0:00:03]} 20. Qd5 {[%emt 0:00:05]} Kh8 {[%emt 0:00:02]} 21. d7 {[%emt 0:00:01]} Rg8 {[%emt 0:00:01]} 22. Rad1 {[%emt 0:00:02]} e3 {[%emt 0:00:01]} 23. Qe5 {[%emt 0:00:01]} e2 {[%emt 0:00:02]} 24. Qxe2 {[%emt 0:00:01]} h6 {[%emt 0:00:01]} 25. Qe5 {[%emt 0:00:01]} Kh7 {[%emt 0:00:01]} 26. Qxf5+ {[%emt 0:00:01]} g6 {[%emt 0:00:01]} 27. Qe5 {[%emt 0:00:01]} c4 {[%emt 0:00:04]} 28. d8=Q {[%emt 0:00:01] Stefanone abbandona Stefanone abbandona Stefanone abbandona (Lag: Av=0.55s, max=1.3s) (Lag: Av=0.55s, max=1.3s) (Lag: Av=0.55s, max=1.3s)} 1-0

[Event "414 Stay Safe Play From Home series"]
[Site "Emanuel Lasker Arena"]
[Date "2020.08.27"]
[Round "8"]
[White "NTBT_DHS"]
[Black "IceQueen"]
[Result "1-0"]
[WhiteElo "2539"]
[BlackElo "2288"]
[PlyCount "77"]
[EventDate "2020.08.27"]
[EventType "swiss (blitz)"]

1. d4 {[%emt 0:00:02]} c5 {[%emt 0:00:00]} 2. c4 {[%emt 0:00:00]} cxd4 {[%emt 0:00:01]} 3. Qxd4 {[%emt 0:00:00]} Nc6 {[%emt 0:00:01]} 4. Qd2 {[%emt 0:00:00]} Nf6 {[%emt 0:00:00]} 5. Nf3 {[%emt 0:00:00]} e5 {[%emt 0:00:00]} 6. Nc3 {[%emt 0:00:01]} Bc5 {[%emt 0:00:00]} 7. e3 {[%emt 0:00:01]} O-O {[%emt 0:00:01]} 8. Be2 {[%emt 0:00:00]} d6 {[%emt 0:00:00]} 9. O-O {[%emt 0:00:01]} Be6 {[%emt 0:00:00]} 10. b3 {[%emt 0:00:01]} Rc8 {[%emt 0:00:01]} 11. Bb2 {[%emt 0:00:00]} h6 {[%emt 0:00:02]} 12. Rfd1 {[%emt 0:00:01]} a6 {[%emt 0:00:02]} 13. Ne1 {[%emt 0:00:01]} Qe7 {[%emt 0:00:01]} 14. Bf3 {[%emt 0:00:00]} Rfd8 {[%emt 0:00:01]} 15. Nd3 {[%emt 0:00:01]} Nb4 {[%emt 0:00:04]} 16. a3 {[%emt 0:00:06]} Nxd3 {[%emt 0:00:01]} 17. Qxd3 {[%emt 0:00:00]} Ba7 {[%emt 0:00:03]} 18. Rac1 {[%emt 0:00:01]} g5 {[%emt 0:00:05]} 19. a4 {[%emt 0:00:02]} g4 {[%emt 0:00:01]} 20. Be2 {[%emt 0:00:03]} h5 {[%emt 0:00:00]} 21. Ba3 {[%emt 0:00:01]} Bc5 {[%emt 0:00:01]} 22. b4 {[%emt 0:00:03]} Ba7 {[%emt 0:00:01]} 23. Nd5 {[%emt 0:00:01]} Bxd5 {[%emt 0:00:01]} 24. cxd5 {[%emt 0:00:00]} Qd7 {[%emt 0:00:00]} 25. b5 {[%emt 0:00:02]} axb5 {[%emt 0:00:02]} 26. axb5 {[%emt 0:00:00]} Bb6 {[%emt 0:00:01]} 27. Bb4 {[%emt 0:00:05]} Bc5 {[%emt 0:00:03]} 28. Bxc5 {[%emt 0:00:02]} Rxc5 {[%emt 0:00:01]} 29. Rxc5 {[%emt 0:00:01]} dxc5 {[%emt 0:00:00]} 30. e4 {[%emt 0:00:02]} Qd6 {[%emt 0:00:02]} 31. Qe3 {[%emt 0:00:01]} Nh7 {[%emt 0:00:01]} 32. h3 {[%emt 0:00:01]} gxh3 {[%emt 0:00:02]} 33. Qxh3 {[%emt 0:00:00]} Kh8 {[%emt 0:00:04]} 34. Qxh5 {[%emt 0:00:02]} Rg8 {[%emt 0:00:00]} 35. Qxf7 {[%emt 0:00:01]} b6 {[%emt 0:00:02]} 36. Rd3 {[%emt 0:00:01]} Qh6 {[%emt 0:00:05]} 37. d6 {[%emt 0:00:05]} Qc1+ {[%emt 0:00:01]} 38. Bd1 {[%emt 0:00:01]} Qg5 {[%emt 0:00:00]} 39. Rg3 {[%emt 0:00:01] IceQueen resigns IceQueen resigns IceQueen resigns (Lag: Av=0.56s, max=1.0s) (Lag: Av=0.56s, max=1.0s) (Lag: Av=0.56s, max=1.0s)} 1-0